00972cam a22002897a 45000010009000000050017000090080041000260100017000670150019000840160018001030200022001210200025001430350024001680400030001920410008002220420014002300800013002441000007002571010008002642450080002722460080003522460064004329060045004969420012005419990017005539520112005701609618320180308082419.0100218s2011 njua 001 0 eng d a 2010286311 aGBA9924002bnb7 a0153759732Uk a0470473525 (pbk.) a9780470473528 (pbk.) a(OCoLC)ocn440116409 aUKMcUKMdZQPdYDXCPdDLC aeng alccopycat a338 KEL1 a54 aMIS10aIntroduction to information systems /cR. Kelly Rainer, Casey G. Cegielski.14aIntroduction to information systems :bsupporting and transforming business3 aInformation systems :bsupporting and transforming business a7bcbcccopycatd2encipf20gy-gencatlg 2ddccBK c44501d44501 00102udc40708PËKGa002b002cPËKGd2018-03-08l0o338 KELp002-3001355r2018-03-08w2018-03-08yBK